00594nam a2200181Ia 4500003000900000008004100009040001600050080002100066245012600087260006300213300001000276650002000286650002400306650001700330700002300347700001800370700002400388IN-BaIIA211028s9999 xx 000 0 eng d cIIA Library a[8]:01:00bMAJ-I 0aS N Bose: the man and his workbpart 1, Collected Scientific Paperscedited by C. K. Majumdar, P. Ghose and E. Chatterjee aCalcuttabSN Bose National Centre for Basic Sciencesc1994 a336p. aBose statistics aClassical Mechanics aSpectroscopy aChatterjee,E., ed. aGhose,P., ed. aMajumdar,C. K., ed.